000 00486nam a2200181Ia 4500
005 20250508155813.0
008 008 250505s9999 xx 000 0 eng d
037 _aTextual
040 _aFEDL
_beng
_cFEDL
041 _aeng
_2eng
084 _aB, GAN
_qFEDL
100 _aMallik Gurdial
_9767535
245 0 _aGandhi and Tagore
260 _aAhmedabad, India
_bNavajivan Publishing House
_c1961
300 _a77p.
942 _cTEXL
_hB, GAN
999 _c1359359
_d1359359